|
|
|
|
| LEADER |
00000nam a22000007i 4500 |
| 001 |
IT\ICCU\CFI\0026138 |
| 003 |
ItRI |
| 005 |
20250619105400.0 |
| 008 |
870226s1985 it |||||| |||||1|||||c |
| 040 |
|
|
|b ita
|c CDM
|
| 041 |
|
7 |
|a ita
|2 ISO-639-2
|
| 082 |
|
|
|a 853.914
|2 19
|
| 100 |
1 |
|
|a Tondelli, Pier Vittorio
|0 IT\ICCU\CFIV\016813
|4 aut
|
| 240 |
1 |
0 |
|a Rimini
|9 Tondelli, Pier Vittorio
|
| 245 |
1 |
0 |
|a Rimini /
|c Pier Vittorio Tondelli.
|
| 260 |
|
|
|a [Bergamo! :
|b Euroclub,
|c 1985
|
| 300 |
|
|
|a 293 p. ;
|c 21 cm.
|
| 942 |
|
|
|2 ddc
|c BK
|
| 952 |
|
|
|0 0
|1 0
|2 ddc
|4 0
|6 853_914000000000000_TON_RIM
|7 1
|9 1963
|a RA
|b RA
|d 2024-09-11
|l 0
|o 853.914 TON RIM
|p 9561
|r 2024-09-11 09:38:11
|w 2024-09-11
|y BK
|z Donazione di Pietro Brentini
|
| 952 |
|
|
|0 0
|1 0
|2 ddc
|4 0
|6 853_914000000000000_TON_RIM
|7 1
|9 3201
|a GE
|b GE
|d 2025-02-16
|l 0
|o 853.914 TON RIM
|p 1519
|r 2025-02-16 22:51:09
|w 2025-02-16
|x Donazione di Alvaro Bazzano
|y BK
|z Donazione AB
|
| 981 |
|
1 |
|6 z01
|a i
|b xxxe
|
| 982 |
|
1 |
|6 z01
|a n
|
| 999 |
|
|
|c 1742
|d 1742
|